|
|
|
|
| LEADER |
01950cas a2200241 a 4500 |
| 001 |
AALejournalIMF002147 |
| 008 |
230101c9999 xx r poo 0 0eng d |
| 020 |
|
|
|c 5.00 USD
|
| 020 |
|
|
|z 9781451831283
|
| 022 |
|
|
|a 1934-7685
|
| 040 |
|
|
|a BD-DhAAL
|c BD-DhAAL
|
| 110 |
2 |
|
|a International Monetary Fund.
|
| 245 |
1 |
0 |
|a Philippines :
|b Financial System Stability Assessment, including Reports on the Observance of Standards and Codes on the following topics; Monetary and Financial Policy Transparency, Banking Supervision, Securities Regulation, Insurance Regulation, and Payment Systems.
|
| 264 |
|
1 |
|a Washington, D.C. :
|b International Monetary Fund,
|c 2002.
|
| 300 |
|
|
|a 1 online resource (62 pages)
|
| 490 |
1 |
|
|a IMF Staff Country Reports
|
| 500 |
|
|
|a <strong>Off-Campus Access:</strong> No User ID or Password Required
|
| 500 |
|
|
|a <strong>On-Campus Access:</strong> No User ID or Password Required
|
| 506 |
|
|
|a Electronic access restricted to authorized BRAC University faculty, staff and students
|
| 520 |
3 |
|
|a This paper presents key findings of the Financial System Stability Assessment for the Philippines, including Reports on the Observance of Standards and Codes on Monetary and Financial Policy Transparency, Banking Supervision, Securities Regulation, Insurance Regulation, and Payment Systems. The Philippine financial system has undergone substantial reform in recent years, but faces significant vulnerabilities. The regulatory and supervisory framework has improved, and through mergers, price liberalization, and opening the system to foreign competition, the system is now more modern. However, distortions in the incentive framework currently constrain effective supervision and resolution.
|
| 538 |
|
|
|a Mode of access: Internet
|
| 830 |
|
0 |
|a IMF Staff Country Reports; Country Report ;
|v No. 2002/222
|
| 856 |
4 |
0 |
|z Full text available on IMF
|u http://elibrary.imf.org/view/journals/002/2002/222/002.2002.issue-222-en.xml
|z IMF e-Library
|